LEADER 00956nam a2200229 i 4500 001 000000165993 003 CaOOAMICUS 005 20071103000000.0 008 071103s1965 it u000 u ita u 013 $a143361 040 $aSeMil$bita 100 1 $aPacelli, Carlo.$0(OLS)http://semarc/name/62588 245 13$aIl Canto 17. dell'Inferno /$cCarlo Pacelli. 260 $aTorino ; Genova [etc.] :$bSocietà Editrice Internazionale,$c1965. 300 $a30 p. ;$c23 cm. 490 0 $aLectura Dantis Romana 650 4$aLectura Dantis - Inferno - Canto 17.$0(OLS)http://semarc/subject/31514 830 0$aLectura Dantis Romana.$0(OLS)http://semarc/title/24564 850 $aSeMil 852 $aSeMil$W1$xVenegono$y1$m1N II 117$j117164$B117164$CSeMilBibl$Z2$F127976 $81 996 $6245$aIl Canto 17. dell'Inferno$9(OLS)http://semarc/title/237061 996 $6260$aTorino ; Genova [etc.] :$bSocietà Editrice Internazionale$9(OLS)http://semarc/publisher/31868 LEADER 01176nam a2200277 i 4500 001 000000111521 003 CaOOAMICUS 005 20260113124658.0 008 030916s1980 it u000 u fre u 013 $a84203 020 $a2-85313-046-0 040 $aSeMil$bita 100 1 $aFoucauld, Charles : de,$d<1858-1916>.$0(OLS)http://semarc/name/3237 245 10$aMéditations sur l'Ecriture Sainte (1896-1897) :$bQui peut résister a Dieu? /$cCharles de Foucauld. 260 $aParis :$bNouvelle Cité,$c1980. 300 $a319 p. ;$c20 cm. 500 $aFondo Card. C.M. Martini. 830 0$aOeuvres spirituelles du père Charles De Foucauld ;$v2-3.$0(OLS)http://semarc/title/11141 850 $aSeMil 852 $aSeMil$W1$xVenegono$y1$m2C VII 62$j234435$B67348$CSeMilBibl$Z2$F102221 $81 941 1 $a4 961 $aOmaggio: Martini Card. Carlo Maria 996 $6020$a2-85313-046-0$9(OLS)http://semarc/number/93736 996 $6245$aMéditations sur l'Ecriture Sainte (1896-1897) :$bQui peut résister a Dieu?$9(OLS)http://semarc/title/407528 996 $6260$aParis :$bNouvelle Cité$9(OLS)http://semarc/publisher/32288